000 00923nam a22002777a 4500
001 5408
003 FISKH
005 20241203150140.0
008 241203b cb ||||| |||| 00| 0 eng d
020 _a0435121928
040 _aFISKH
_beng
_cFISKH
_dFISKH
050 _aPZ7.N462
082 _a813
100 _aNeville, Emily
245 _aIt's Like This, Cat /
_cby Emily Neville
260 _aLondon :
_bHeinemann Educational Books ;
_c1963.
300 _a179 pages :
_billustrations ;
_c20 cm .
505 _aT
520 _aThe story of a fourteen-year-old New York boy and his relationships with a stray tomcat, an eccentric old woman, a troubled older boy, the first girl with whom he has been friends, and his father.
521 8 _a810
_bLexile
521 8 _aT
_bRaz-Plus
650 _ayoung adult
_vFiction
700 _aWeiss, Emil
_eillustrator
942 _2ddc
_cBK
_n0
999 _c5408
_d5408